A valuer's guide to the RICS Red Book 2012 (Record no. 114283)

MARC details
000 -LEADER
fixed length control field 01568cam a22002655a 4500
001 - CONTROL NUMBER
control field L156508
008 - FIXED-LENGTH DATA ELEMENTS--GENERAL INFORMATION
fixed length control field 300512s2012 xxk f 001 0 eng d
020 ## - INTERNATIONAL STANDARD BOOK NUMBER
International Standard Book Number 9781842197738
035 ## - SYSTEM CONTROL NUMBER
System control number (Sirsi) u156508
041 0# - LANGUAGE CODE
Language code of text/sound track or separate title eng
050 04 - LIBRARY OF CONGRESS CALL NUMBER
Classification number 333.332 $2 18
100 1# - MAIN ENTRY--PERSONAL NAME
Personal name Banfield, Anthony
245 02 - TITLE STATEMENT
Title A valuer's guide to the RICS Red Book 2012
250 ## - EDITION STATEMENT
Edition statement 6th ed.
260 ## - PUBLICATION, DISTRIBUTION, ETC.
Place of publication, distribution, etc. Coventry
Name of publisher, distributor, etc. RICS
Date of publication, distribution, etc. 2012
300 ## - PHYSICAL DESCRIPTION
Extent xii, 186p.
Dimensions 21cm
505 2# - FORMATTED CONTENTS NOTE
Formatted contents note Introduction -- Qualifications and conflicts of interest -- Agreement of terms of enagagement with the client -- Valuation bases -- Inspections and material considerations -- Valuation reports -- Valuations for commercial secured lending -- Valuations subject to disclosure -- Registration and monitoring of valuations -- Specialist valuations -- Appendix: Red Book route map -- Index of frequently asked questions -- Index
520 ## - SUMMARY, ETC.
Summary, etc. This newest edition has the latest changes to the RICS Valuation - Professional Standards. An useful Red Book route map summarising key stages for every valuation, from Preliminary Questions through to Valuation Preparation, and Reporting Also, includes sample questions and answers and common problems and how to avoid them. Ideal for all valuation professionals at all levels, this practical guide will help you to understand your duties under the Red Book and to avoid negligence claims.
520 ## - SUMMARY, ETC.
Summary, etc. Supersedes the fifth edition (ISBN: 9781842195895).
521 ## - TARGET AUDIENCE NOTE
Target audience note Advanced
651 #4 - SUBJECT ADDED ENTRY--GEOGRAPHIC NAME
Geographic name International
690 ## - LOCAL SUBJECT ADDED ENTRY--TOPICAL TERM (OCLC, RLIN)
Topical term or geographic name as entry element Valuation
9 (RLIN) 6273
942 ## - ADDED ENTRY ELEMENTS (KOHA)
Suppress in OPAC 0
Holdings
Withdrawn status Lost status Source of classification or shelving scheme Damaged status Not for loan Home library Current library Shelving location Date acquired Total Checkouts Full call number Barcode Date last seen Copy number Price effective from Koha item type
    Dewey Decimal Classification     London London RICS Boxes 30/05/2012   RICS 2012/17 30078218 06/08/2019 1 06/08/2019 Book
    Dewey Decimal Classification     London London Books 07/03/2014   RICS 2012/17 30078206 06/08/2019 2 06/08/2019 Book
    Dewey Decimal Classification     London London RICS Boxes 04/12/2012   RICS 2012/17 30078523 06/08/2019 1 06/08/2019 Archive